Szczegóły MARC21

Języki indoeuropejskie . T. 2 /

003 -Nazwa inst., której nr kontr. jest w polu 001 [,]
    • @
    • Nazwa instytucji, której n kontrolny jest w polu 001
    • NUKAT
005 -DATA I CZAS OSTATNIEJ MODYFIKACJI [,]
    • @
    • pole kontrolne
    • 20241231114122.0
020 -Międzynarod. znormalizowany nr książki - ISBN [ , ]
    • a
    • Numer ISBN
    • 8301065591 Find
    • q
    • Dopowiedzenie
    • t. 1-2
020 -Międzynarod. znormalizowany nr książki - ISBN [ , ]
    • a
    • Numer ISBN
    • 8301057637 Find
    • q
    • Dopowiedzenie
    • t. 2
040 -Instytucja sporządzająca opis [ , ]
    • a
    • Instytucja, która sporządziła opis (NP)
    • LUBL U/MGa
    • c
    • Instytucja, która sporządziła rekord (NP)
    • LUBL U/MGa
    • d
    • Instytucja, która zmodyfikowała rekord (P)
    • LUBL U/MGas
    • d
    • Instytucja, która zmodyfikowała rekord (P)
    • LUBL U/bg
942 -Rodzaj dokumentu [ , ]
    • c
    • Rodzaj dokumentu
    • Książka
245 -Strefa tytułu i oznaczenia odpowiedzialności [0,0]
    • a
    • Tytuł
    • Języki indoeuropejskie . Find
    • n
    • Oznaczenie części (P)
    • T. 2 /
    • c
    • Pozostałe elementy strefy tytułu i oznaczenia odpowiedzialności (NP)
    • Leszek Bednarczuk [et al.] ; pod red. Leszka Bednarczuka ; Polska Akademia Nauk. Oddział w Krakowie. Komisja Językoznawstwa.
260 -Strefa adresu wydawniczego [ , ]
    • a
    • Miejsce wydania (P)
    • Warszawa :
    • b
    • Nazwa wydawcy (P)
    • Państwowe Wydaw. Naukowe,
    • c
    • Data wydania (P)
    • 1988.
300 -Strefa opisu fizycznego [ , ]
    • a
    • Określenie formy książki i/lub objętość (NP)
    • XII, [2] s., s. [517]-1133, [1] :
    • b
    • Oznaczenie ilustracji (NP)
    • il. ;
    • c
    • Format (NP)
    • 25 cm.
336 -Typ zawartości [ , ]
    • a
    • Termin opisujący typ zawartości
    • Tekst
    • b
    • Kod określający zawartość
    • txt
    • 2
    • Źródło (terminu i kodu)
    • rdacontent
337 -Typ mediów [ , ]
    • a
    • Tryb odtwarzania
    • Bez urządzenia pośredniczącego
    • b
    • Kod typu mediów
    • n
    • 2
    • Źródło (terminu i kodu)
    • rdamedia
338 -Typ/rodzaj nośnika [ , ]
    • a
    • Hasło opisujące typ nośnika
    • Wolumin
    • b
    • Kod typu nośnika
    • nc
    • 2
    • Źródło (terminu i kodu)
    • rdacarrier
500 -Uwaga ogólna [ , ]
    • a
    • Uwaga ogólna (NP)
    • Zawiera mapy.
504 -Uwaga dot. bibliogr. załącznikowej [ , ]
    • a
    • Uwaga dot. bibliografii załącznikowej
    • Bibliogr. przy rozdz. Indeks.
080 -Uniwersalna Klasyfikacja Dziesiętna [ , ]
    • a
    • Symbol klasyfikacji
    • 809.10
650 -Hasło przedmiotowe [ ,7]
    • a
    • Hasło przedmiotowe
    • Języki indoeuropejskie.
    • 2
    • Źródło terminu
    • kaba
    • 9
    • KHW
    • 113563
980 -Symbol UKD [ , ]
    • a
    • UKD
    • 809.10
700 -Hasło dodatkowe - nazwa osobowa [1, ]
    • a
    • Nazwa osobowa (NP)
    • Bednarczuk, Leszek Find
    • d
    • Daty biograficzne (NP)
    • (1936- ).
    • 9
    • KHW
    • 399545
710 -Hasło dodatkowe - nazwa ciała zbiorowego [2, ]
    • a
    • Nazwa ciała zbiorowego lub nazwa geograficzna jako pierwszy element (NP)
    • Państwowe Wydawnictwo Naukowe (1951-1992).
    • 4
    • Kod relacji
    • pbl
    • 9
    • KHW
    • 52048
920 -ISBN [ , ]
    • a
    • ISBN
    • 83-01-05763-7 Find
    • q
    • Dopowiedzenie
    • t. 2
920 -ISBN [ , ]
    • a
    • ISBN
    • 83-01-06559-1 Find
    • q
    • Dopowiedzenie
    • t. 1-2
Lokalizacja Data inwentaryzacji Status udost. Numer inwentarzowy Sygnatura Obwoluta
BG1998-11-10-3W.160722  
BG1998-11-10-3W.160721  
BG1998-11-10-3W.160723  
BG1998-11-10-3W.160724  
BG1998-11-10-3W.160725  
BG1998-11-102W.160726  
BG1998-11-102W.160727  
BG1998-11-102W.160728  
BG1998-11-102W.160729  
BG1998-11-102W.160730  
BG1998-11-102W.160731  
BG1998-11-102W.160732  
BG1998-11-102W.160733  
BG1998-11-101Z.73884  
BM2011-02-041P.22545 1
BM2011-02-041P.22546POL. Językoznawstwo 121
BM2000-05-09-3G.14855  
BM1998-11-10-3R.5374  
BM1998-11-10-3JO.881  
BM1998-11-10-3P.8080  
G1998-11-10-6G.4547  
G1998-11-10-6G.4548